000 00708cam a22002413a 4500
001 29361
003 PGUSA
005 20140828083632.0
008 090709s2009||||xxu|||||s|||||000 1 eng d
040 _aPGUSA
_beng
042 _adc
050 4 _aML
100 1 _aSampson, George,
_d1873-1950
245 1 2 _aA Day with Felix Mendelssohn Bartholdy
_h[electronic resource] /
_cGeorge Sampson
260 _bProject Gutenberg,
_c2009
506 _aPublic domain in the USA.
516 _aElectronic text
653 _aMusical fiction
653 _aMendelssohn-Bartholdy, Felix, 1809-1847 -- Fiction
830 0 _aProject Gutenberg
_v29361
856 4 0 _uhttp://www.gutenberg.org/ebooks/29361
942 _cEB
999 _c258616
_d258616